banner-ar

GOTHIC AND RENAISSANCE ART IN NURENBERG 1300 - 1550 / (Record no. 19007)

MARC details
000 -الفاتح
حقل البيانات ثابتة الطول 00552nam a2200193Ia 4500
008 - عناصر البيانات ثابتة الطول - معلومات عامة
حقل البيانات ثابتة الطول 140319s9999 xx 000 0 eng d
040 ## - مصدر الفهرسة
وكالة الفهرسة الأصلية GCL /
وكالة النسخ GCL
082 04 - رقم تصنيف ديوى العشرى
رقم التصنيف 709.4323
رقم المادة M G
100 1# - المدخل الرئيسى - إسم شخصى
الإسم الشخصى METROPOLITAN MUSEUM OF ART, NEW YORK
245 10 - بيان العنوان
العنوان GOTHIC AND RENAISSANCE ART IN NURENBERG 1300 - 1550 /
بيان المسئوليه,etc METROPOLITAN MUSEUM OF ART, NEW YORK
260 ## - PUBLICATION, DISTRIBUTION, ETC. (IMPRINT)
تاريخ النشر أو التوزيع 1986
300 ## - الوصف المادى
التعداد 499 PP
650 04 - المدخل الاضافى بالموضوع-مصطلح موضوعى
مصطلح موضوعي ARTS
650 04 - المدخل الاضافى بالموضوع-مصطلح موضوعى
مصطلح موضوعي PAINTING
650 04 - المدخل الاضافى بالموضوع-مصطلح موضوعى
مصطلح موضوعي ART, GOTHIC
650 04 - المدخل الاضافى بالموضوع-مصطلح موضوعى
مصطلح موضوعي RENAISSANCE PERIOD
942 ## - عناصر المدخل الإضافي( كوها)
مصدر التصنيف او مخطط الترفيف Dewey Decimal Classification
Koha [default] item type كتاب
260 ## - PUBLICATION, DISTRIBUTION, ETC. (IMPRINT)
-- [S.N] :
-- PRESTEL- VERLAG ،
Holdings
حالة التراجع حالة الفقد حالة تلف ليس للاعارة المكان المؤقت الموقع الحالى تاريخ الاكتساب اجمالي اﻻعارات رقم الطلب الباركود تاريخ اخر مشاهدة تاريخ تفعيل السعر نوع وعاء كوها
        مكتبة القاهرة الكبرى مكتبة القاهرة الكبرى 03/26/2014   709.4323\M G 36201 03/26/2014 03/26/2014 كتاب

Powered By

EGPV